| 000 | 00432nam a22001337a 4500 | ||
|---|---|---|---|
| 082 | _a200 THE | ||
| 100 |
_aMuhammad Ammar Younis _969376 |
||
| 245 | _aTH-SOF-1587-Recognition of Sounds Observed in Daily Living Activity of Elderly People | ||
| 260 |
_aISLAMABAD _bNUST COLLEGE OF EME _c2018 |
||
| 300 | _bCD | ||
| 650 |
_aMS-COMPUTER ENGINEERING-81, MSTHESIS . _969377 |
||
| 700 |
_aADvisor Dr. Arslan Shaukat _969378 |
||
| 942 | _cCF | ||
| 999 |
_c576692 _d576692 |
||